000 00410nam a2200133Ia 4500
008 100328s9999 xx 000 0 und d
082 _b38269
100 _aगडकर रेचल
245 _aहेमाली,पोटल्या
260 _bमॅजेस्टिक
630 _aहेमाली,पोटल्या
730 _aहेमाली,पोटल्या
942 _cBOOK
999 _c527507
_d527504